ბათუმის შოთა რუსთაველის სახელმწიფო უნივერსიტეტის ბიბლიოთეკა

Raising Girls. Why Girls Are Different-and How to Help Them Grow up Happy and Confident (ბიბ.ჩანაწერი № 47616)

000 -LEADER
fixed length control field 00639nam a2200229Ia 4500
001 - CONTROL NUMBER
control field 14485
003 - CONTROL NUMBER IDENTIFIER
control field GE_BSU
008 - FIXED-LENGTH DATA ELEMENTS--GENERAL INFORMATION
fixed length control field 181216s||||||||xx |||||||||||||| ||und||
020 ## - INTERNATIONAL STANDARD BOOK NUMBER
International Standard Book Number 10000720485X
040 ## - CATALOGING SOURCE
Transcribing agency GE_BSU
080 ## - UNIVERSAL DECIMAL CLASSIFICATION NUMBER
Universal Decimal Classification number 613
100 ## - MAIN ENTRY--PERSONAL NAME
Personal name Preuschoff,Gisela
245 ## - TITLE STATEMENT
Title Raising Girls. Why Girls Are Different-and How to Help Them Grow up Happy and Confident
245 ## - TITLE STATEMENT
Statement of responsibility, etc. Foreword by Steve Biddulph
260 ## - PUBLICATION, DISTRIBUTION, ETC.
Place of publication, distribution, etc. London
260 ## - PUBLICATION, DISTRIBUTION, ETC.
Name of publisher, distributor, etc. Harper thorsons
260 ## - PUBLICATION, DISTRIBUTION, ETC.
Date of publication, distribution, etc. 2004
300 ## - PHYSICAL DESCRIPTION
Extent 190p.20cm.
653 ## - INDEX TERM--UNCONTROLLED
Uncontrolled term Raising Girls
653 ## - INDEX TERM--UNCONTROLLED
Uncontrolled term Why Girls Are Different-and How to Help Them Grow up Happy and Confident
942 ## - ADDED ENTRY ELEMENTS (KOHA)
Koha item type წიგნი
ეგზემპლარები
Withdrawn status Lost status Damaged status Not for loan Date acquired Barcode Date last seen Price effective from Koha item type
        2018-12-17 37637 2018-12-17 2018-12-17 წიგნი